Jugadores del Sevilla FC desde el año 2000 - Estadísticas

Estadísticas generales
  • Esta prueba ha sido intentada 491 veces
  • La puntuación promedio es 54 de 221
Estadísticas de respuestas
Jugador País % Correcto
Jesús Navas España
91%
Marco Navas España
91%
Rakitic Croacia
84%
Kanoute Mali
76%
Bono Marruecos
73%
Koundé Francia
72%
Palop España
71%
Reyes España
70%
Sergio Ramos España
70%
Bacca Colombia
69%
Banega Argentina
68%
Luis Fabiano Brasil
68%
Gameiro Francia
66%
Puerta España
65%
Sergio Rico España
64%
Diego Carlos Brasil
63%
Dani Alves Brasil
61%
Ocampos Argentina
60%
Fernando Brasil
58%
Javi Navarro España
57%
En Nesyri Marruecos
56%
Fernando Navarro España
56%
Gudelj Serbia
56%
Ben Yedder Francia
55%
Pablo Alfaro España
54%
Escudé Francia
52%
Vaclik República Checa
51%
Adriano Brasil
49%
De Jong Holanda
49%
Negredo España
49%
Medel Chile
47%
Suso España
47%
Carriço Portugal
46%
Konoplyanka Ucrania
46%
Nzonzi Francia
46%
Beto Portugal
44%
Oliver Torres España
44%
Coke España
43%
Vitolo España
42%
Franco Vázquez Argentina
41%
Joan Jordán España
41%
Fazio Argentina
40%
Mbia Senegal
40%
Renato Brasil
40%
Krychowiak Polonia
39%
Maresca Italia
39%
Reguilón España
39%
Dragutinovic Serbia
38%
Escudero España
38%
Sarabia España
38%
Chicharito México
37%
Diego Capel España
37%
Iago Aspas España
37%
Kondogbia República Centroafricana
37%
Mariano Brasil
37%
Dabbur Israel
36%
Poulsen Dinamarca
36%
Soria España
36%
Iborra España
35%
Javi Varas España
35%
Munir España
35%
Pareja Argentina
35%
Kiyotake Japón
34%
Mercado Argentina
34%
Muriel Colombia
34%
Jovetic Montenegro
33%
Tremoulinas Francia
33%
Kjaer Dinamarca
32%
Immobile Italia
31%
Keita Mali
31%
Lenglet Francia
31%
Kolo Francia
30%
Martí España
30%
Perotti Argentina
30%
Aleix Vidal España
29%
Baptista Brasil
29%
Chevantón Uruguay
28%
Correa Argentina
28%
Bryan Gil España
27%
Nasri Francia
27%
Rami Francia
27%
Romaric Costa de Marfil
26%
Antoñito España
25%
Llorente España
25%
Nolito España
25%
Saviola Argentina
25%
Trochowski Alemania
25%
Alberto Moreno España
24%
Andre Silva Portugal
24%
Diogo Portugal
24%
Rony Lopes Portugal
24%
Spahic Bosnia
24%
Cáceres Uruguay
22%
Del Moral España
22%
Ganso Brasil
22%
Promes Holanda
22%
Zokora Costa de Marfil
22%
David Castedo España
21%
Koné Costa de Marfil
21%
Deulofeu España
20%
Krohn Dehli Dinamarca
20%
Wober Austria
20%
Baba Diwara Senegal
19%
Cala España
19%
Cristoforo Uruguay
19%
Denis Suarez España
19%
Esteban España
19%
Gnagnon Francia
19%
Marko Marin Alemania
19%
Kranevitter Argentina
18%
Roque Mesa España
18%
Sergi Gomez España
18%
Diego López España
17%
Geis Alemania
17%
Konko Francia
17%
Maduro Holanda
17%
Mosquera Colombia
17%
Pizarro Argentina
17%
Kerzhakov Rusia
16%
Squillaci Francia
16%
Aitor Ocio España
15%
Amadou Senegal
15%
Arana Brasil
15%
Barbosa Argentina
15%
Cheryshev Rusia
15%
De Mul Bélgica
15%
Duda Portugal
15%
Rodri España
15%
Víctor Salas España
15%
Guarente Italia
14%
Andreolli Italia
13%
Cicinho Brasil
13%
Corchia Francia
13%
Darío Silva Uruguay
13%
Jesuli España
13%
Kepa España
13%
Makukula Portugal
13%
Rog Croacia
13%
Sandro España
13%
Campaña España
12%
Casquero España
12%
Dabo Senegal
12%
Duscher Argentina
12%
Luna España
12%
Stankevicius Lituania
12%
Acosta Argentina
11%
Gallardo España
11%
Jairo España
11%
Oscar Rodriguez España
11%
Botía España
10%
Carole Francia
10%
Cigarini Italia
10%
De Sanctis Italia
10%
Hinkel Alemania
10%
Hiroshi Japón
10%
Prieto España
10%
Sirigu Italia
10%
Stevanovic Bosnia
10%
Torrado México
10%
Arribas España
9%
Cobeño España
9%
Gonalons Francia
9%
Lolo España
9%
Olsen Noruega
9%
Podestá Uruguay
9%
Pozo España
9%
Soriano España
9%
Walter Montoya Argentina
9%
Crespo España
8%
Fernando Sales España
8%
Hervás España
8%
Rabello Chile
8%
Alfonso Vera España
7%
Armenteros Argentina
7%
Boulahrouz Holanda
7%
Nico Olivera Uruguay
7%
Sergio Sánchez España
7%
Zalayeta Uruguay
7%
Carlitos España
6%
Fredi España
6%
Magallanes Uruguay
6%
Antonio López España
5%
Loren España
5%
Njegus Serbia
5%
David Prieto España
4%
Francisco España
4%
José Carlos España
4%
Marcelo Otero Uruguay
4%
Mario Cotelo España
4%
Redondo España
4%
Tevenet España
4%
Toedtli Argentina
4%
Arteaga España
3%
Bernardo Colombia
3%
Bruno España
3%
Caballero España
3%
Diego Ribera España
3%
Héctor España
3%
Jordi López España
3%
Juanmi España
3%
Luis Gil España
3%
Míchel España
3%
Moisés España
3%
Pablo Ruiz España
3%
Puli España
3%
Samways Reino Unido
3%
Tabaré Uruguay
3%
Taira Portugal
3%
Vega España
3%
César Caneda España
2%
Deivid España
2%
Israel Puerto España
2%
Javi Muñoz España
2%
Juric Croacia
2%
Machlas Grecia
2%
Marc Valiente España
2%
Curro España
1%
Moi Delgado España
1%
Rabajda Uruguay
1%
Homos Uruguay
0%
No se encontraron pruebas coincidentes
Distribución de puntuación
Porcentaje de gente con cada puntuación
Porcentaje por número respondido
Historial de tus puntuaciones
No has intentado esta prueba.